000
00264nam a2200109Ia 4500
008
230907s9999||||xx |||||||||||||| ||und||
082
_a
621.3813
_b
POZ
245
0
_a
Microwave engineering /
260
_a
Wiley,
_b
New Delhi :
_c
2017
300
_a
732 p.
942
_c
BK
999
_c
601470
_d
601470